000 00503nam a2200181Ia 4500
005 20250326144008.0
008 250326s9999 xx 000 0 und d
037 _aTextbook
040 _aFMSL
_beng
_cFMSL
041 _aeng
_2eng
084 _aX L3;2
_qFMSL
100 _aRobinson J
245 0 _aIntroducation to moder economics
_cRobinson J; Eatwell J
260 _aNew Delhi
_bNew Delhi, Tata McGraw-Hill
_c1973
300 _a350p
942 _cTB
_hX L3;2
999 _c1301938
_d1301938